| 000 | 00790cam a2200265 4500 | ||
|---|---|---|---|
| 999 |
_c3253 _d3253 |
||
| 001 | 1244841 | ||
| 003 | GBCCL | ||
| 005 | 20241126110451.0 | ||
| 008 | 730510s1972 caua 000 0 eng | ||
| 010 | _a 72094164 | ||
| 020 | _a0830702075 | ||
| 040 |
_aDLC _cDLC _dDLC |
||
| 043 | _an-us-ca | ||
| 050 | 0 | 0 |
_aBX6480.V33 _bF53 1972 |
| 082 | 0 | 0 |
_a254.5 _a286.179493 _bFIC |
| 100 | 1 |
_aFickett, Harold L. _96692 |
|
| 245 | 1 | 0 |
_aHope for your church; _bten principles of church growth, _cby Harold L. Fickett, Jr. |
| 250 | _a[2d ed.] | ||
| 260 |
_aGlendale, Calif., _bG/L Regal Books _c[1972] |
||
| 300 |
_a159 p. _billus. _c20 cm. |
||
| 350 | _a$1.95 | ||
| 610 | 2 | 0 |
_aFirst Baptist Church (Van Nuys, Calif.) _96693 |
| 906 |
_a7 _bcbc _corignew _d2 _eopcn _f19 _gy-gencatlg |
||
| 942 |
_2ddc _cBK _07 |
||